| 000 | 03181nam a2200541 a 4500 | ||
|---|---|---|---|
| 003 | CHAP | ||
| 005 | 20250805115347.0 | ||
| 007 | ta | ||
| 008 | 220117s2001 mx abdofs 001 0 spa d | ||
| 040 |
_cCHAP _amxchpua _erda |
||
| 090 |
_aT.C.88 _bE85 IAI _c2012 |
||
| 245 | 1 | 0 |
_aReporte de viaje generacional al estado de Chiapas, México / _ccoordinadores Félix Esparza Torres y Amílcar Renan Mejenes Quijano ; colaboradores Jonathan Almaro Vilchis...[y otros] |
| 260 |
_aChapingo, México : _bEl autor, _c2012 |
||
| 300 |
_a142 páginas : _bilustraciones, mapas, gráficas, diagramas, tablas, fotos |
||
| 336 |
_2rdacontent _atexto _btxt |
||
| 337 |
_2rdamedia _acomputadora _bc |
||
| 338 |
_2rdacarrier _adisco de computadora _bcd |
||
| 500 | _a5° año Grupo 3 -- Directorio: páginas 119-121 | ||
| 502 |
_aViaje de Estudios _b(IAI) -- _cUACh. Departamento de Ingeniería Agroindustrial, _d2012 |
||
| 505 | 0 |
_aVisitas -- _t1. Comisión para el Desarrollo y Fomento del Café -- 2. Nutrientes Orgánicos(lombricomposta) -- 3. PRONACAM-TZIMOL -- 4. Cría de Conejo Exprés -- 5. Grupo Agroindustrial Chiapas(GRACHI) -- 6. Rancho Bulush-bak -- 7. Producción y Comercialización de Miel "la cañada" -- 8. Macadamias Industriales de Ocosingo DERIMAC -- 9. FARUYA LA CANDELARIA S.P.R.L (carne de conejo) -- 10. Producción y fermentación de cacao -- 11. Limón Persa -- 12. COMCAFE -- 13. Secretaria del Campo Palenque -- 14. Agroindustrias de palenque AGROIPSA (extracción de aceite de palma africana) |
|
| 650 | 1 | 3 |
_aIndustria del cacao _zMéxico _zChiapas _9189903 |
| 650 | 1 | 3 |
_aIndustria quesera _zMéxico _zChiapas _9151687 |
| 650 | 1 | 3 |
_aIndustria pesquera _zMéxico _zChiapas _9159483 |
| 650 | 1 | 3 |
_aCarne de conejo _xIndustria y comercio _zMéxico _zChiapas _919140 |
| 650 | 1 | 3 |
_aMiel y productos fabricados por abejas _xIndustria y comercio _zMéxico _zChiapas _9162813 |
| 650 | 1 | 3 |
_aVermicultura _xIndustria y comercio _zMéxico _zChiapas _9138001 |
| 650 | 1 | 3 |
_aNueces macadamia _xIndustria y comercio _zMéxico _zChiapas _9157317 |
| 650 | 1 | 3 |
_aProductos del café _xIndustria y comercio _zMéxico _zChiapas _9159558 |
| 650 | 1 | 3 |
_aCocoa industry _zMexico _zChiapas _9189906 |
| 650 | 1 | 3 |
_aCheese industry _zMexico _zChiapas _9151683 |
| 650 | 1 | 3 |
_aFish industry _zMexico _zChiapas _9159654 |
| 650 | 1 | 3 |
_aRabbit meat _xIndustry and trade _zMexico _zChiapas _9148598 |
| 650 | 1 | 3 |
_aHoney and bee products _xIndustry and trade _zMexico _zChiapas _9162812 |
| 650 | 1 | 3 |
_aVermiculture _xIndustry and trade _zMexico _zChiapas _9158760 |
| 650 | 1 | 3 |
_aMacadamia Nuts _xIndustry and trade _zMexico _zChiapas _9157316 |
| 650 | 1 | 3 |
_aCoffee products _xIndustry and trade _zMexico _zChiapas _9159557 |
| 700 | 1 |
_aEsparza Torres, Félix _9154340 _ecoordinador |
|
| 700 | 1 |
_aMejenes Quijano, Amilcar Renán _9147387 _ecoordinador |
|
| 700 | 1 |
_aAlmaro Vilchis, Jonathan _9129936 _ecolaborador |
|
| 856 | 4 | 1 |
_uhttp://10.13.5.2/ve/TC88_IAI/TC88_IAI_2012-REPORTE.pdf _yDESCARGAR REPORTE |
| 901 | _aT.C.88 E85 IAI 2012 | ||
| 902 | _aM | ||
| 905 | _a0000002001 mx 0000000000spa00 | ||
| 942 | _2local | ||
| 942 | _cVE | ||
| 999 |
_c171387 _d171387 |
||